000 00543nam a22001817a 4500
003 CEME
005 20210628204417.0
008 210127b xxu||||| |||| 00| 0 eng d
020 _a0-471-38860-2
040 _c.
082 _a004.3 FLE
100 _aFleury, Martin,Downton, Andrew
_970249
245 _aPipelined processor farms structured design for embedded parallel systms
260 _aNEW YORK
_bJOHN WILEY & SONS
_c2001
300 _aXXII,305P
650 _aSTRUCTURED DESIGN FOR EMBEDDED PARALLEL SYSTMS
_970250
942 _cBK
_2ddc
999 _c577252
_d577252